Bands from Birmingham - Statistics

General Stats
  • This quiz has been taken 90 times
  • The average score is 8 of 22
Answer Stats
Signature song Band Name % Correct
Hungry Like the Wolf Duran Duran
89%
Paranoid Black Sabbath
88%
Red Red Wine UB40
88%
Come On Eileen Dexy's Midnight Runners
80%
Mr. Blue Sky Electric Light Orchestra
78%
I Wish It Could Be Christmas Everyday Wizzard
63%
She Drives Me Crazy Fine Young Cannibals
50%
Breaking the Law Judas Priest
49%
Nights in White Satin The Moody Blues
46%
Pass the Dutchie Musical Youth
44%
Mirror in the Bathroom The Beat
33%
The Day We Caught the Train Ocean Colour Scene
31%
Flowers in the Rain The Move
25%
Fit But You Know It The Streets
24%
Munich Editors
20%
Gimme Some Lovin' The Spencer Davis Group
15%
Dear Mr. Fantasy Traffic
9%
Handsworth Revolution Steel Pulse
8%
Honey Swim Deep
4%
The Wolf I Feed Napalm Death
3%
Hansha Oceans Ate Alaska
1%
Either Way The Twang
1%
No matching quizzes found
Score Distribution
Percent of People with Each Score
Percentile by Number Answered
Your Score History
You have not taken this quiz